| 000 | 00788nam a22002657a 4500 | ||
|---|---|---|---|
| 005 | 20161011115549.0 | ||
| 008 | 150316b xxu||||| |||| 00| 0 spa d | ||
| 041 | _aspa | ||
| 082 | _a303.4 P969vi | ||
| 100 |
_aPrograma Estado de la Nación en Desarrollo Humano Sostenible _91095 |
||
| 245 | _aVigésimo Informe Estado de la Nación en Desarrollo Humano Sostenible | ||
| 260 |
_aCosta Rica _bPEN _c2014 |
||
| 300 | _a448 páginas | ||
| 650 |
_aCOSTA RICA _925924 |
||
| 650 |
_aDESARROLLO HUMANO SOSTENIBLE _91096 |
||
| 650 |
_aEQUIDAD SOCIAL _91097 |
||
| 650 |
_aPOBREZA _9711 |
||
| 650 |
_aEMPLEO _91098 |
||
| 650 |
_aECONOMIA _9189 |
||
| 650 |
_aPARTICIPACION CIUDADANA _91099 |
||
| 650 |
_aDEMOCRACIA _91100 |
||
| 650 |
_aSALUD _9396 |
||
| 650 |
_aENERGIA _91101 |
||
| 942 | _cBK | ||
| 999 |
_c3963 _d3963 |
||